| 000 | 00461nam a22001817a 4500 | ||
|---|---|---|---|
| 999 |
_c10536 _d10536 |
||
| 003 | OSt | ||
| 008 | 210303b ||||| |||| 00| 0 eng d | ||
| 020 | _a9789388028400 | ||
| 082 | _a006.22 | ||
| 100 | _aLEE, Edward Ashford | ||
| 245 | _aIntroduction to Embedded Systems : A Cyber-Physical Systems Approach | ||
| 250 | _a2nd | ||
| 260 |
_aNew Delhi _bPHI _c2019 |
||
| 300 | _a537 | ||
| 650 | _aIOT | ||
| 700 | _aSESHIA, Sanjit Arunkumar | ||
| 942 |
_2ddc _cBK |
||